000 00466nam a2200193Ia 4500
008 151121s9999||||xx |||||||||||||| ||und||
082 _a967।62/WIL
082 _bHNW-51090
100 _aWills Colin
245 _aWho Killed Kenya ?
260 _b"Dennis Dobson Ltd, London।"
260 _c--
300 _a111
600 _aWills Colin
630 _aWho Killed Kenya ?
700 _aWills Colin
730 _aWho Killed Kenya ?
942 _cBOOK
999 _c1235563
_d1235560